000 00953nam a22003257a 4500
001 BR8806262
003 BR-BrBNA
005 20230928093032.0
007 ta
008 230509b bl.||||| |||| 00| 0 por d
040 _aBR-BrBNA
_bpor
_cBiblioteca Nacional de Agricultura
041 _a(Por)
072 _aF01
_b1540
_b/G514
090 _ 1540 BR8806262
100 1 _aPerim, S. (ed.)
110 1 _aSociedade Brasileira de Mandioca, Brasilia, DF (Brasil)
_99752
111 1 _a3. Congresso Brasileiro de Mandioca
_cBrasilia, DF (Brazil)
_d7-11 Nov 1983
245 1 _aA cultura da mandioca nas regioes brasileiras
260 3 _aBrasilia, DF (Brasil):
_c1983.
300 _a148 p.
650 _aMANDIOCA
650 _aREGIAO NORDESTE
650 _aREGIAO NORTE
650 _aREGIAO SUDESTE
650 _aREGIAO CENTRO-OESTE
650 _aREGIAO SUL
650 _aPRODUCAO VEGETAL
909 _a202309
_bLucia
_c55
_dLucia Elande
942 _cBK
999 _c42627
_d42627